<?xml version="1.0" encoding="UTF-8"?>
<record
    xmlns:xsi="http://www.w3.org/2001/XMLSchema-instance"
    xsi:schemaLocation="http://www.loc.gov/MARC21/slim http://www.loc.gov/standards/marcxml/schema/MARC21slim.xsd"
    xmlns="http://www.loc.gov/MARC21/slim">

  <leader>00658nam a22001817a 4500</leader>
  <controlfield tag="003">OSt</controlfield>
  <controlfield tag="005">20240123112458.0</controlfield>
  <controlfield tag="008">240123b        |||||||| |||| 00| 0 eng d</controlfield>
  <datafield tag="020" ind1=" " ind2=" ">
    <subfield code="a">9786240021050</subfield>
  </datafield>
  <datafield tag="040" ind1=" " ind2=" ">
    <subfield code="a">LK-CoDNM</subfield>
    <subfield code="d">LK-CoDNM</subfield>
    <subfield code="e">LK-CoDNM</subfield>
  </datafield>
  <datafield tag="041" ind1=" " ind2=" ">
    <subfield code="a">sin</subfield>
  </datafield>
  <datafield tag="080" ind1=" " ind2=" ">
    <subfield code="a">133.52</subfield>
    <subfield code="b">GUN</subfield>
  </datafield>
  <datafield tag="100" ind1=" " ind2=" ">
    <subfield code="a">&#xD9C;&#xDD4;&#xDAB;&#xDC0;&#xDBB;&#xDCA;&#xDB0;&#xDB1;,&#xDAF;&#xDD4;&#xDB8;&#xDD2;&#xDB1;&#xDCA;&#xDAF;</subfield>
  </datafield>
  <datafield tag="245" ind1=" " ind2=" ">
    <subfield code="a">&#xD9A;&#xDCA;&#x200D;&#xDBB;&#xDD2;&#xDC2;&#xDCA;&#xDAB;&#xDB8;&#xDD6;&#xDBB;&#xDCA;&#xDAD;&#xDD2; &#xDB4;&#xDAF;&#xDCA;&#xDB0;&#xDAD;&#xDD2;&#xDBA;&#xDDA; &#xDC0;&#xDD0;&#xDAF;&#xD9C;&#xDAD;&#xDCA;&#xD9A;&#xDB8; - &#xDB1;&#xDCF;&#xDA9;&#xDD2; &#xDC3;&#xDD2;&#xDAF;&#xDCA;&#xDB0;&#xDCF;&#xDB1;&#xDCA;&#xDAD; &#xDC3;&#xDC4; &#xDA2;&#xDCA;&#x200D;&#xDBA;&#xDDC;&#xDAD;&#xDD2;&#xDC2; &#xDC3;&#xDD2;&#xDAF;&#xDCA;&#xDB0;&#xDCF;&#xDB1;&#xDCA;&#xDAD;</subfield>
  </datafield>
  <datafield tag="260" ind1=" " ind2=" ">
    <subfield code="a">Colombo</subfield>
    <subfield code="b">S. Godage Saha Sahodarayo</subfield>
    <subfield code="c">2023</subfield>
  </datafield>
  <datafield tag="300" ind1=" " ind2=" ">
    <subfield code="a">76p.,21cm</subfield>
  </datafield>
  <datafield tag="942" ind1=" " ind2=" ">
    <subfield code="n">0</subfield>
    <subfield code="c">BK</subfield>
  </datafield>
  <datafield tag="952" ind1=" " ind2=" ">
    <subfield code="0">0</subfield>
    <subfield code="1">0</subfield>
    <subfield code="4">0</subfield>
    <subfield code="7">0</subfield>
    <subfield code="a">MAIN</subfield>
    <subfield code="b">MAIN</subfield>
    <subfield code="d">2024-01-30</subfield>
    <subfield code="l">0</subfield>
    <subfield code="o">133.52 GUN</subfield>
    <subfield code="p">P46051</subfield>
    <subfield code="r">2024-01-30</subfield>
    <subfield code="w">2024-01-30</subfield>
    <subfield code="y">BK</subfield>
  </datafield>
  <datafield tag="999" ind1=" " ind2=" ">
    <subfield code="c">144540</subfield>
    <subfield code="d">144540</subfield>
  </datafield>
</record>
